[Event "Madrid-ch Seniors"]
[Site "Madrid"]
[Date "2016.01.27"]
[Round "5"]
[White "Benito Alba, Eladio"]
[Black "Alfageme Sanchez, Jesus"]
[Result "1/2-1/2"]
[WhiteElo "1567"]
[BlackElo "1622"]
[PlyCount "41"]
[EventDate "2016.01.22"]
[EventType "swiss"]
[EventRounds "7"]
[EventCountry "ESP"]
[SourceTitle "EXT 2017"]
[Source "ChessBase"]
[SourceDate "2016.10.25"]
[SourceVersion "1"]
[SourceVersionDate "2016.10.25"]
[SourceQuality "1"]

1. d4 Nf6 2. c4 d5 3. Nf3 c6 4. e3 Bg4 5. Be2 e6 6. 0-0 Bd6 7. Nc3 Nbd7 8. b3 Qc7 9. h3 Bf5 10. Bb2 h6 11. Rc1 Qa5 12. Bd3 Bxd3 13. Qxd3 Bb4 14. a3 Bxc3 15. b4 dxc4 16. Qxc3 Qd5 17. Qxc4 Nb6 18. Qc2 Ne4 19. Nd2 Nd6 20. e4 Qg5 21. f4 1/2-1/2

[Event "ESP-ch Veterans"]
[Site "Madrid"]
[Date "2010.02.11"]
[Round "4"]
[White "Alfageme Sanchez, Jesus"]
[Black "Cortijo Manso, Luis"]
[Result "1-0"]
[WhiteElo "1825"]
[BlackElo "1614"]
[PlyCount "55"]
[EventDate "2010.02.08"]
[EventType "swiss"]
[EventRounds "9"]
[EventCountry "ESP"]
[SourceTitle "CBM 134 Extra"]
[Source "ChessBase"]
[SourceDate "2010.03.03"]
[SourceVersion "1"]
[SourceVersionDate "2010.03.03"]
[SourceQuality "1"]

1. e4 c5 2. Nf3 e6 3. Nc3 a6 4. d3 Nc6 5. a3 Nge7 6. Be2 g6 7. Bg5 Bg7 8. Qd2 0-0 9. Bh6 d5 10. Bxg7 Kxg7 11. e5 Qc7 12. Qg5 Ng8 13. h4 Qe7 14. Qg3 Nh6 15. h5 Nf5 16. Qh3 Rh8 17. hxg6 fxg6 18. g4 Nfd4 19. Nxd4 Nxd4 20. 0-0-0 b5 21. Qh6+ Kg8 22. Qe3 Bb7 23. f4 Nxe2+ 24. Nxe2 d4 25. Qh3 Bxh1 26. Qxh1 a5 27. Qxa8+ Kg7 28. Qxa5 1-0

[Event "Madrid-ch Seniors 0809"]
[Site "Madrid"]
[Date "2009.02.11"]
[Round "3"]
[White "Rodriguez Lopez, Canizares Francisco"]
[Black "Alfageme Sanchez, Jesus"]
[Result "0-1"]
[WhiteElo "1693"]
[BlackElo "1876"]
[PlyCount "76"]
[EventDate "2009.02.09"]
[EventType "swiss"]
[EventRounds "9"]
[EventCountry "ESP"]
[SourceTitle "CBM 128 Extra"]
[Source "ChessBase"]
[SourceDate "2009.03.05"]
[SourceVersion "2"]
[SourceVersionDate "2009.03.25"]
[SourceQuality "1"]

1. e4 Nc6 2. Nf3 e5 3. d4 exd4 4. Nxd4 Ne5 5. f4 Ng6 6. Bc4 Nf6 7. e5 Ne4 8. 0-0 Bc5 9. Nc3 Nxc3 10. bxc3 0-0 11. Kh1 d5 12. Bd3 c6 13. Ne2 Bg4 14. Qe1 Qd7 15. Qg3 Bf5 16. Rb1 b6 17. Nd4 Bxd3 18. cxd3 Bxd4 19. cxd4 Qf5 20. Ba3 Rfc8 21. Bd6 Nf8 22. Qe3 Ne6 23. Rbc1 c5 24. dxc5 bxc5 25. h3 h5 26. Rf3 d4 27. Qe4 Qxe4 28. dxe4 c4 29. f5 Ng5 30. Rf4 d3 31. Be7 d2 32. Rd1 c3 33. Ba3 Rc4 34. Bc1 Nxe4 35. Bxd2 cxd2 36. Rff1 Ng3+ 37. Kg1 Nxf1 38. Kxf1 Rd8 0-1

[Event "Madrid-ch Seniors"]
[Site "Madrid"]
[Date "2008.02.13"]
[Round "7"]
[White "Alfageme Sanchez, Jesus"]
[Black "Algaba Traspuesto, Jose Antonio"]
[Result "1-0"]
[WhiteElo "1922"]
[BlackElo "1769"]
[PlyCount "37"]
[EventDate "2008.02.05"]
[EventType "swiss"]
[EventRounds "7"]
[EventCountry "ESP"]
[SourceTitle "EXT 2010"]
[Source "ChessBase"]
[SourceDate "2010.11.25"]
[SourceVersion "1"]
[SourceVersionDate "2010.11.25"]
[SourceQuality "1"]

1. e4 e5 2. Nf3 d6 3. d4 exd4 4. Nxd4 Nf6 5. Nc3 Be7 6. Be3 0-0 7. Be2 Re8 8. 0-0 Nbd7 9. f4 Nc5 10. Bf3 Bf8 11. Ndb5 Ncxe4 12. Qd3 Bf5 13. Nd4 Nxc3 14. Nxf5 Nce4 15. Bd4 Qd7 16. Bxe4 Nxe4 17. Qh3 g6 18. Nh6+ Bxh6 19. Qxd7 1-0

[Event "Madrid-ch Seniors"]
[Site "Madrid"]
[Date "2008.02.12"]
[Round "6"]
[White "Leniz Martinez, Francisco"]
[Black "Alfageme Sanchez, Jesus"]
[Result "1/2-1/2"]
[WhiteElo "1904"]
[BlackElo "1922"]
[PlyCount "92"]
[EventDate "2008.02.05"]
[EventType "swiss"]
[EventRounds "7"]
[EventCountry "ESP"]
[SourceTitle "EXT 2010"]
[Source "ChessBase"]
[SourceDate "2010.11.25"]
[SourceVersion "1"]
[SourceVersionDate "2010.11.25"]
[SourceQuality "1"]

1. c4 e5 2. g3 Nf6 3. Bg2 d6 4. e4 Be6 5. Nc3 Nbd7 6. d3 Be7 7. Nge2 Rb8 8. 0-0 a6 9. a4 b6 10. h3 Qc8 11. Kh2 Nf8 12. f4 exf4 13. Nxf4 Bd7 14. Ncd5 Ng6 15. Nxf6+ Bxf6 16. d4 c5 17. Be3 0-0 18. Nd5 Bxd4 19. Bxd4 cxd4 20. Qxd4 Qc5 21. Rfd1 Ne5 22. b3 Be6 23. Ne7+ Kh8 24. Qxd6 Qxd6 25. Rxd6 Rfd8 26. Rad1 Rxd6 27. Rxd6 g6 28. Nd5 Nd7 29. Bf1 Kg7 30. Nc7 Nc5 31. b4 Nxe4 32. Nxe6+ fxe6 33. Rxe6 Nd2 34. Be2 a5 35. b5 Nb3 36. Bd1 Nc5 37. Rd6 Ne4 38. Rd7+ Kh6 39. Bc2 Nc5 40. Rd2 Re8 41. Kg2 Re3 42. Kf2 Rc3 43. Re2 Rxc4 44. h4 Nxa4 45. Bxa4 Rxa4 46. Re6 Rb4 1/2-1/2